Statistics for All Aerosmith Songs

Click here to take the quiz!

General Stats

  • This quiz has been taken 195 times
  • The average score is 47 of 196

Answer Stats

AlbumSong% Correct
AerosmithDream On
90%
Toys in the AtticWalk This Way
83%
Get a GripCrazy
76%
Permanent VacationDude (Looks Like a Lady)
74%
Toys in the AtticToys in the Attic
73%
Get a GripCryin'
71%
Toys in the AtticSweet Emotion
71%
PumpGoing Down / Love in an Elevator
69%
Armageddon: The AlbumI Don't Want to Miss a Thing
69%
Permanent VacationAngel
63%
Draw the LineDraw the Line
61%
PumpWater Song / Janie's Got a Gun
59%
Permanent VacationRag Doll
58%
AerosmithMama Kin
57%
Permanent VacationPermanent Vacation
55%
Get a GripGet a Grip
54%
RocksBack in the Saddle
53%
Nine LivesPink
53%
Nine LivesNine Lives
51%
Get a GripAmazing
50%
Just Push PlayJaded
50%
Get a GripLivin' on the Edge
47%
Get Your WingsPandora's Box
46%
Toys in the AtticBig Ten Inch Record
45%
Just Push PlayJust Push Play
45%
Get Your WingsSame Old Song and Dance
45%
Get Your WingsTrain Kept a Rollin'
44%
Get a GripEat the Rich
43%
Toys in the AtticUncle Salty
43%
PumpWhat It Takes
43%
Draw the LineKings and Queens
42%
RocksLast Child
42%
Toys in the AtticAdam's Apple
41%
Live! BootlegCome Together
40%
Rock in a Hard PlaceRock in a Hard Place (Cheshire Cat)
40%
PumpDulcimer Stomp / The Other Side
39%
AerosmithWalkin' the Dog
36%
RocksRats in the Cellar
35%
PumpF.I.N.E.
34%
Get Your WingsLord of the Thighs
34%
Night in the RutsRemember (Walking in the Sand)
34%
AerosmithMake It
33%
Toys in the AtticNo More No More
33%
Nine LivesHole in My Soul
32%
Done with MirrorsLet the Music Do the Talking
32%
AerosmithMovin' Out
32%
Nine LivesFalling in Love (Is Hard on the Knees)
31%
Permanent VacationHangman Jury
31%
Toys in the AtticRound and Round
31%
RocksNobody's Fault
28%
AerosmithSomebody
28%
Big OnesBlind Man
27%
PumpMonkey on My Back
27%
AerosmithOne Way Street
27%
Get Your WingsSeasons of Wither
27%
Permanent VacationThe Movie
27%
PumpYoung Lust
27%
Just Push PlayFly Away from Here
26%
Get Your WingsS.O.S. (Too Bad)
26%
Permanent VacationSt. John
26%
Nine LivesTaste of India
26%
AerosmithWrite Me a Letter
26%
Toys in the AtticYou See Me Crying
26%
The Beavis and Butt-Head ExperienceDeuces Are Wild
25%
Permanent VacationI'm Down
25%
Get a GripShut Up and Dance
25%
Permanent VacationHeart's Done Time
24%
RocksSick as a Dog
24%
RocksCombination
23%
Permanent VacationSimoriah
23%
Just Push PlayBeyond Beautiful
22%
Rock in a Hard PlaceB***h's Brew
22%
RocksLick and a Promise
22%
Rock in a Hard PlaceLightning Strikes
22%
Done with MirrorsMy Fist Your Face
22%
Music from Another DimensionOh Yeah
22%
Nine LivesThe Farm
22%
Nine LivesAin't That a B***h
21%
Night in the RutsChiquita
21%
Nine LivesFull Circle
21%
RocksHome Tonight
21%
PumpHoodoo / Voodoo Medicine Man
21%
Night in the RutsMia
21%
Draw the LineMilk Cow Blues
21%
Night in the RutsNo Surprize
21%
Get Your WingsSpaced
21%
Permanent VacationMagic Touch
20%
Music from Another DimensionWhat Could Have Been Love
20%
Get Your WingsWoman of the World
20%
RocksGet the Lead Out
19%
Rock in a Hard PlaceJailbait
19%
Rock in a Hard PlaceJoanie's Butterfly
19%
Rock in a Hard PlaceBolivian Ragamuffin
18%
Night in the RutsCheese Cake
18%
Get a GripFever
18%
Get a GripFlesh
18%
Get a GripIntro
18%
PumpMy Girl
18%
Draw the LineThe Hand That Feeds
18%
Night in the RutsThree Mile Smile
18%
Get a GripWalk On Down
18%
Honkin' on BoboBaby, Please Don't Go
17%
Night in the RutsBone to Bone (Coney Island White Fish Boy)
17%
Draw the LineBright Light Fright
17%
Rock in a Hard PlaceCry Me a River
17%
Devil's Got a New Disguise: The Very Best of AerosmithDevil's Got a New Disguise
17%
O, Yeah! Ultimate Aerosmith HitsGirls of Summer
17%
Get a GripLine Up
17%
Rock in a Hard PlacePrelude to Joanie
17%
Honkin' on BoboRoad Runner
17%
Music from Another DimensionSomething
17%
Just Push PlaySunshine
17%
Done with MirrorsThe Reason a Dog
17%
Just Push PlayAvant Garden
16%
Get a GripBoogie Man
16%
Draw the LineCritical Mass
16%
Music from Another DimensionLegendary Child
16%
Music from Another DimensionLuv XXX
16%
Night in the RutsReefer Head Woman
16%
Done with MirrorsShame on You
16%
Done with MirrorsShela
16%
Draw the LineSight for Sore Eyes
16%
Night in the RutsThink About It
16%
Nine LivesAttitude Adjustment
15%
Music from Another DimensionCan't Stop Lovin' You
15%
Nine LivesCrash
15%
Nine LivesFallen Angels
15%
Draw the LineGet It Up
15%
Classics LiveMajor Barbra
15%
Music from Another DimensionBeautiful
14%
Live! BootlegChip Away the Stone
14%
PumpDon't Get Mad, Get Even
14%
Permanent VacationGirl Keeps Coming Apart
14%
Just Push PlayLuv Lies
14%
Nine LivesSomething's Gotta Give
14%
Honkin' on BoboStop Messin' Around
14%
Honkin' on BoboThe Grind
14%
Just Push PlayTrip Hoppin'
14%
Just Push PlayUnder My Skin
14%
Done with MirrorsDarkness
13%
Get a GripGotta Love It
13%
Draw the LineI Wanna Know Why
13%
Rock in a Hard PlaceJig Is Up
13%
Just Push PlayLight Inside
13%
Just Push PlayOutta Your Head
13%
Honkin' on BoboShame, Shame, Shame
13%
Done with MirrorsThe Hop
13%
Pandora's BoxAll Your Love
12%
Music from Another DimensionAnother Last Goodbye
12%
Honkin' on BoboBack Back Train
12%
Just Push PlayDrop Dead Gorgeous
12%
Music from Another DimensionFreedom Fighter
12%
Done with MirrorsGypsy Boots
12%
Honkin' on BoboJesus Is on the Main Line
12%
Nine LivesKiss Your Past Good-Bye
12%
Honkin' on BoboNever Loved a Girl
12%
Rock in a Hard PlacePush Comes to Shove
12%
Devil's Got a New Disguise: The Very Best of AerosmithSedona Sunrise
12%
Done with MirrorsShe's on Fire
12%
Music from Another DimensionStreet Jesus
12%
Music from Another DimensionTell Me
12%
Music from Another DimensionWe All Fall Down
12%
Live! BootlegI Ain't Got You
11%
Pandora's BoxCircle Jerk
10%
Pandora's BoxDowntown Charlie
10%
Honkin' on BoboEyesight to the Blind
10%
Pandora's BoxI Live in Connecticut
10%
Honkin' on BoboI'm Ready
10%
Pandora's BoxKrawhitham
10%
Music from Another DimensionLover Alot
10%
Pandora's BoxOn the Road Again
10%
Pandora's BoxSh*t House Shuffle
10%
Pandora's BoxSoul Saver
10%
Honkin' on BoboTemperature
10%
Honkin' on BoboYou Gotta Move
10%
Pandora's BoxLet It Slide
9%
Music from Another DimensionOut Go the Lights
9%
Pandora's BoxSharpshooter
9%
Music from Another DimensionSunny Side of Love
9%
Armageddon: The AlbumWhat Kind of Love Are You On
9%
Charlie's Angels (Soundtrack)Angel's Eye
8%
Music from Another DimensionCloser
8%
Air America (Soundtrack)Love Me Two Times
8%
Music from Another DimensionOasis in the Night
8%
Pandora's BoxRiff & Roll
8%
Music from Another DimensionUp on the Mountain
8%
Pandora's BoxWhen I Needed You
8%
Get a GripCan't Stop Messin'
7%
Pandora's BoxSouth Station Blues
7%
PumpAin't Enough
6%
Instant Karma: The Amnesty International Campaign to Save DarfurGive Peace a Chance
6%
Music from Another DimensionI'm Not Talkin'
5%
O, Yeah! Ultimate Aerosmith HitsTheme from Spider-Man
5%
Rugrats Go Wild: Music from the Motion PictureLizard Love
4%
Less Than Zero (Soundtrack)Rocking Pneumonia and the Boogie Woogie Flu
4%
Music from Another DimensionShakey Ground
4%

Score Distribution

Percentile by Number Answered

Percent of People with Each Score

Your Score History

You have not taken this quiz